| 000 | 00444nam a22001457a 4500 | ||
|---|---|---|---|
| 020 | _a416074804 | ||
| 082 |
_a152.41 _bEIB |
||
| 100 |
_aStrachan , Geoffrey. _937064 |
||
| 245 |
_aLove and hate _bon the natural history of basic behavior patterns _cGeoffrey Strachan. |
||
| 260 |
_aLondon. _bMethuen and Co ltd. _c1971 |
||
| 300 |
_a263 p. _b:ill. _c24 cm. |
||
| 526 |
_a0 _b0 _c0 _d152_410000000000000_EIB |
||
| 650 |
_aMCE _9379 |
||
| 942 |
_2ddc _cBK |
||
| 999 |
_c541987 _d541987 |
||